00393nam a2200109Ia 4500008004100000082002000041245008600061260004400147300001100191440003700202650004400239120622s9999 xx 000 0 und d a330 S444e P962p aProblemas de economía política del socialismo / ed. preparada por Oscar Lange aMéxico : Fondo de Cultura Económica a347 p. aSección de obras de economía a1. ECONOMIA POLITICA \ 2. SOCIALISMOÌ